Surveys that don't give you the hole picture (Record no. 70833)
[ view plain ]
| 000 -LEADER | |
|---|---|
| fixed length control field | 01585cam a2200277 4500 |
| 001 - CONTROL NUMBER | |
| control field | ABS65779 |
| 008 - FIXED-LENGTH DATA ELEMENTS--GENERAL INFORMATION | |
| fixed length control field | 020726n2002 000 0 eng u |
| 035 ## - SYSTEM CONTROL NUMBER | |
| System control number | (Sirsi) u119067 |
| 245 ## - TITLE STATEMENT | |
| Title | Surveys that don't give you the hole picture |
| 260 ## - PUBLICATION, DISTRIBUTION, ETC. | |
| Date of publication, distribution, etc. | 2002 |
| 490 ## - SERIES STATEMENT | |
| Series statement | Which? |
| Volume/sequential designation | July 2002, 8-11(4) |
| 520 ## - SUMMARY, ETC. | |
| Summary, etc. | Report on the "Which?" investigation into surveyor complaints. "Which?" sent out 232 questionnaires to people who had experienced problems with domestic surveys they had paid for. The findings were based on 80 responses. The most popular cause for complaint was the surveyor's failure to spot a defect. Other complaints related to 'grey areas' such as gas and electricity supplies, and people often had high expectations that went beyond the scope of their survey. The investigation also revealed that people were confused about choosing the right kind of survey and felt that the final report was too vague and contained too many caveats. "Which?" also questioned respondants about complaint handling including surveyors' responses to complaints, the RICS complaints system, and going to court. In response to the "Which?" report, RICS has produced a free leaflet "Understanding property surveys" |
| 590 ## - LOCAL NOTE (RLIN) | |
| Local note | ABS |
| 650 ## - SUBJECT ADDED ENTRY--TOPICAL TERM | |
| Topical term or geographic name entry element | SURVEYORS |
| 650 ## - SUBJECT ADDED ENTRY--TOPICAL TERM | |
| Topical term or geographic name entry element | HOMEBUYERS |
| 650 ## - SUBJECT ADDED ENTRY--TOPICAL TERM | |
| Topical term or geographic name entry element | RICS |
| 650 ## - SUBJECT ADDED ENTRY--TOPICAL TERM | |
| Topical term or geographic name entry element | Valuation |
| 9 (RLIN) | 6273 |
| 650 ## - SUBJECT ADDED ENTRY--TOPICAL TERM | |
| Topical term or geographic name entry element | RICS HOMEBUYER SURVEY AND VALUATION |
| 650 ## - SUBJECT ADDED ENTRY--TOPICAL TERM | |
| Topical term or geographic name entry element | RESIDENTIAL SURVEYS |
| 650 ## - SUBJECT ADDED ENTRY--TOPICAL TERM | |
| Topical term or geographic name entry element | WHICH? |
| 650 ## - SUBJECT ADDED ENTRY--TOPICAL TERM | |
| Topical term or geographic name entry element | Survey reports |
| 9 (RLIN) | 6270 |
| 650 ## - SUBJECT ADDED ENTRY--TOPICAL TERM | |
| Topical term or geographic name entry element | COMPLAINTS |
| 650 ## - SUBJECT ADDED ENTRY--TOPICAL TERM | |
| Topical term or geographic name entry element | DEFECTS |
| 690 ## - LOCAL SUBJECT ADDED ENTRY--TOPICAL TERM (OCLC, RLIN) | |
| Topical term or geographic name as entry element | SURVEYING SERVICES |
| 942 ## - ADDED ENTRY ELEMENTS (KOHA) | |
| Suppress in OPAC | 0 |
| Withdrawn status | Lost status | Source of classification or shelving scheme | Damaged status | Not for loan | Home library | Current library | Shelving location | Date acquired | Total Checkouts | Full call number | Barcode | Date last seen | Copy number | Price effective from | Koha item type |
|---|---|---|---|---|---|---|---|---|---|---|---|---|---|---|---|
| Dewey Decimal Classification | London | London | Journal article | 26/07/2002 | ABS65779 | 119067-1001 | 06/08/2019 | 1 | 06/08/2019 | Journal article |